Rozsypanka literowa - Dzielnice Warszawy - Statystyki

Ogólne statystyki
  • Ten quiz został rozwiązany 73 razy
  • Średni wynik to 17 z 18
Statystyki odpowiedzi
Rozsypanka Nazwa Właściwa % Poprawnych
omewob Bemowo
100%
srsuu Ursus
100%
zrobżlio Żoliborz
100%
ółnpargapoc Praga-Północ
98%
śmeiócidrśe Śródmieście
98%
aolw Wola
98%
wókomto Mokotów
97%
poarguadeipłn Praga-Południe
97%
óliwnaw Wilanów
97%
ębiakołał Białołęka
95%
ahtcoo Ochota
95%
ysruówn Ursynów
95%
ywłcho Włochy
94%
ylanbei Bielany
92%
earww Wawer
88%
kartógwe Targówek
85%
werótembr Rembertów
74%
ołwaes Wesoła
63%
Nie znaleziono quizów pasujących do podanych kryteriów
Rozkład punktacji
Procent ludzi z każdym wynikiem
Percentyl według liczby udzielonych odpowiedzi
Twoja historia wyników
Nie rozwiązałeś tego quizu